[Event "RUS-ch Higher League (Women) 73rd"]
[Site "Novokuznetsk"]
[Date "2023.07.03"]
[Round "7"]
[White "Abakarova, Amina"]
[Black "Faizutdinova, Diana"]
[Result "0-1"]
[WhiteElo "1800"]
[BlackElo "1956"]
[PlyCount "74"]
[EventDate "2023.06.26"]
[EventType "swiss"]
[EventRounds "9"]
[EventCountry "RUS"]
[SourceTitle "EXT 2024"]
[Source "ChessBase"]
[SourceDate "2023.10.10"]
[SourceVersion "1"]
[SourceVersionDate "2023.10.10"]
[SourceQuality "1"]

1. e4 c5 2. Nf3 Nf6 3. e5 Nd5 4. Nc3 Nxc3 5. dxc3 e6 6. Bf4 Qb6 7. Rb1 Nc6 8. Be2 h6 9. 0-0 Qc7 10. Re1 b6 11. Bg3 Bb7 12. Bd3 Be7 13. Qe2 0-0-0 14. Ba6 g5 15. Bxb7+ Qxb7 16. a4 h5 17. h4 Rdg8 18. hxg5 Bxg5 19. b4 Be7 20. a5 h4 21. Bf4 Rg4 22. a6 Qc7 23. Qe4 f5 24. Qe3 Rhg8 25. g3 hxg3 26. fxg3 cxb4 27. Kf1 Bc5 28. Qd3 bxc3 29. Qxc3 Ne7 30. Rbd1 Qc6 31. Rd3 Nd5 32. Nd4 Nxc3 33. Nxc6 Rxf4+ 34. Kg2 Rf2+ 35. Kg1 dxc6 36. Rxc3 Rxc2+ 37. Rce3 Rxg3+ 0-1

[Event "RUS-ch Higher League (Women) 73rd"]
[Site "Novokuznetsk"]
[Date "2023.07.01"]
[Round "5"]
[White "Sargaeva, Darima"]
[Black "Faizutdinova, Diana"]
[Result "1-0"]
[WhiteElo "1625"]
[BlackElo "1956"]
[PlyCount "93"]
[EventDate "2023.06.26"]
[EventType "swiss"]
[EventRounds "9"]
[EventCountry "RUS"]
[SourceTitle "EXT 2024"]
[Source "ChessBase"]
[SourceDate "2023.10.10"]
[SourceVersion "1"]
[SourceVersionDate "2023.10.10"]
[SourceQuality "1"]

1. e4 c5 2. Nf3 Nf6 3. e5 Nd5 4. Nc3 Nxc3 5. dxc3 e6 6. Bg5 Qb6 7. Rb1 d5 8. exd6 Qxd6 9. Bc4 Qxd1+ 10. Rxd1 Be7 11. 0-0 a6 12. Rfe1 b5 13. Bf1 f6 14. Be3 Kf7 15. Nd2 Bb7 16. a4 Bc6 17. Nb3 c4 18. Nd4 Bd7 19. f4 Rd8 20. axb5 axb5 21. b3 cxb3 22. cxb3 b4 23. Bc4 bxc3 24. f5 Kf8 25. fxe6 Bc6 26. Nf5 Rxd1 27. Rxd1 Ra2 28. Nxe7 Kxe7 29. Bc5+ Ke8 30. Kf1 Bxg2+ 31. Ke1 Bc6 32. Bb6 c2 33. Rd8+ Ke7 34. Kd2 Na6 35. Rg8 Kd6 36. Rd8+ Ke7 37. Rc8 Be4 38. Bd8+ Kd6 39. e7 Ra1 40. Bxa6 Rd1+ 41. Ke2 Bg6 42. Rxc2 Rb1 43. Rd2+ Kc5 44. Bc4 Rh1 45. Bc7 h5 46. Rd8 Kc6 47. Bd5+ 1-0

[Event "RUS-ch Higher League (Women) 73rd"]
[Site "Novokuznetsk"]
[Date "2023.06.29"]
[Round "4"]
[White "Frolova, Lada"]
[Black "Faizutdinova, Diana"]
[Result "1-0"]
[WhiteElo "1845"]
[BlackElo "1956"]
[PlyCount "93"]
[EventDate "2023.06.26"]
[EventType "swiss"]
[EventRounds "9"]
[EventCountry "RUS"]
[SourceTitle "EXT 2024"]
[Source "ChessBase"]
[SourceDate "2023.10.10"]
[SourceVersion "1"]
[SourceVersionDate "2023.10.10"]
[SourceQuality "1"]

1. e4 c5 2. c3 e6 3. d4 d5 4. exd5 exd5 5. Nf3 Bd6 6. Be3 c4 7. b3 cxb3 8. axb3 Ne7 9. Bd3 Bf5 10. 0-0 0-0 11. c4 Bg6 12. Nc3 Nbc6 13. Qd2 Bb4 14. Qc2 Qd7 15. Bxg6 hxg6 16. Rfd1 Rfd8 17. c5 Qf5 18. Qb2 b6 19. Nb5 Qh5 20. Nc7 Rac8 21. Na6 Nf5 22. Nxb4 Nxe3 23. fxe3 Nxb4 24. Qc3 Nc6 25. b4 a5 26. b5 Ne7 27. c6 Re8 28. Ne5 Nf5 29. Re1 Qg5 30. Qb3 Nh4 31. Qxd5 Re6 32. Re2 Rd8 33. Qb3 Rxe5 34. dxe5 Nf3+ 35. Kf2 Nxh2 36. Rd1 Ng4+ 37. Kg1 Re8 38. Rf1 Qxe5 39. Qxf7+ Kh7 40. Qf4 Qh5 41. Rf3 Nh6 42. Qc4 Re5 43. c7 Rg5 44. Ref2 Ng4 45. c8Q Qh2+ 46. Kf1 Nxf2 47. Q8g8+ 1-0

[Event "RUS-ch Higher League (Women) 72nd"]
[Site "Obninsk"]
[Date "2022.06.27"]
[Round "2"]
[White "Faizutdinova, Diana"]
[Black "Bodnaruk, Anastasia"]
[Result "0-1"]
[WhiteElo "2023"]
[BlackElo "2390"]
[PlyCount "52"]
[EventDate "2022.06.26"]
[EventType "swiss"]
[EventRounds "9"]
[EventCountry "RUS"]
[SourceTitle "CBM 209 Extra"]
[Source "ChessBase"]
[SourceDate "2022.09.30"]
[SourceVersion "1"]
[SourceVersionDate "2022.09.30"]
[SourceQuality "1"]

1. e4 c5 2. Nc3 Nc6 3. g3 g6 4. d3 Bg7 5. Be3 d6 6. Qd2 Rb8 7. Bg2 b5 8. Nge2 Nd4 9. h3 b4 10. Nd1 e5 11. f4 Ne7 12. fxe5 dxe5 13. 0-0 0-0 14. Kh2 Qd6 15. b3 f5 16. Nxd4 cxd4 17. Bh6 f4 18. Bxg7 Kxg7 19. Nb2 g5 20. Nc4 Qe6 21. a3 Ng6 22. g4 h5 23. gxh5 Nh4 24. axb4 a6 25. c3 Kh6 26. Rg1 Nf3+ 0-1

[Event "RUS-ch Higher League (Women) 71st"]
[Site "Cheboksary"]
[Date "2021.07.05"]
[Round "9"]
[White "Faizutdinova, Diana"]
[Black "Girya, Olga"]
[Result "0-1"]
[WhiteElo "2027"]
[BlackElo "2448"]
[PlyCount "72"]
[EventDate "2021.06.26"]
[EventType "swiss"]
[EventRounds "9"]
[EventCountry "RUS"]
[SourceTitle "CBM 203 Extra"]
[Source "ChessBase"]
[SourceDate "2021.09.30"]
[SourceVersion "1"]
[SourceVersionDate "2021.09.30"]
[SourceQuality "1"]

1. c4 Nf6 2. Nc3 e5 3. Nf3 Nc6 4. e4 Bb4 5. d3 d6 6. a3 Bc5 7. b4 Bb6 8. Na4 Bd4 9. Nxd4 Nxd4 10. Be2 b5 11. Nc3 a6 12. 0-0 Bb7 13. cxb5 axb5 14. f4 Qd7 15. Be3 Ra6 16. Bxd4 exd4 17. Nb1 0-0 18. Nd2 Qc6 19. Rc1 Qb6 20. Nb1 Nxe4 21. dxe4 d3+ 22. Kh1 dxe2 23. Qxe2 Re8 24. Nc3 Rxa3 25. Qxb5 Qxb5 26. Nxb5 Ra2 27. Ra1 Rxa1 28. Rxa1 Rxe4 29. Nxc7 Rxb4 30. Rd1 Rb2 31. Kg1 Rxg2+ 32. Kf1 Rxh2 33. Rxd6 Kf8 34. Rb6 Bf3 35. Rb3 Rc2 36. Nb5 Be2+ 0-1

[Event "RUS-ch Higher League (Women) 69th"]
[Site "Yaroslavl"]
[Date "2019.06.30"]
[Round "4"]
[White "Loskutova, Viktoriya"]
[Black "Faizutdinova, Diana"]
[Result "1/2-1/2"]
[WhiteElo "2019"]
[BlackElo "2061"]
[PlyCount "70"]
[EventDate "2019.06.27"]
[EventType "swiss"]
[EventRounds "9"]
[EventCountry "RUS"]
[SourceTitle "CBM 191 Extra"]
[Source "ChessBase"]
[SourceDate "2019.09.30"]
[SourceVersion "1"]
[SourceVersionDate "2019.09.30"]
[SourceQuality "1"]

1. e4 d5 2. exd5 Qxd5 3. Nc3 Qd8 4. d4 Nf6 5. Nf3 Bg4 6. Be2 c6 7. Ne5 Bxe2 8. Nxe2 Nbd7 9. Nf3 e6 10. 0-0 Bd6 11. Bf4 Qc7 12. Qc1 0-0 13. Rd1 Bxf4 14. Qxf4 Qxf4 15. Nxf4 a5 16. Nd3 Rfd8 17. Nfe5 h6 18. Kf1 g5 19. a4 Kg7 20. Nc4 Nd5 21. c3 b6 22. Nde5 Nxe5 23. Nxe5 Rdc8 24. g3 b5 25. Nd7 Ra7 26. Nc5 b4 27. c4 Nb6 28. b3 Nd7 29. Nd3 Rd8 30. Ke2 Rc7 31. h3 Nf6 32. Nc5 Nd7 33. Nd3 Nf6 34. Nc5 Nd7 35. Nd3 Nf6 1/2-1/2

[Event "RUS-ch Higher League (Women) 69th"]
[Site "Yaroslavl"]
[Date "2019.06.29"]
[Round "3"]
[White "Faizutdinova, Diana"]
[Black "Chkhan, Viktoria"]
[Result "1-0"]
[WhiteElo "2061"]
[BlackElo "2141"]
[PlyCount "55"]
[EventDate "2019.06.27"]
[EventType "swiss"]
[EventRounds "9"]
[EventCountry "RUS"]
[SourceTitle "CBM 191 Extra"]
[Source "ChessBase"]
[SourceDate "2019.09.30"]
[SourceVersion "1"]
[SourceVersionDate "2019.09.30"]
[SourceQuality "1"]

1. c4 c6 2. Nc3 d5 3. cxd5 cxd5 4. d4 Nc6 5. Bf4 Nf6 6. Nf3 e6 7. e3 a6 8. Bd3 Bd6 9. Bg3 0-0 10. Rc1 Qe7 11. Ne5 Nd7 12. f4 Re8 13. 0-0 Nf8 14. Na4 Bd7 15. Nb6 Rab8 16. Qh5 g6 17. Qh6 Nb4 18. Bh4 f6 19. Ng4 Nxd3 20. Nxf6+ Kf7 21. Nxh7 Nxc1 22. Rxc1 Qxh4 23. Qxh4 Be7 24. Qh6 Bc6 25. g4 Bd8 26. Ng5+ Kg8 27. f5 Bxb6 28. f6 1-0

[Event "RUS-chT blitz (Women)"]
[Site "Sochi"]
[Date "2018.10.10"]
[Round "13.3"]
[White "Faizutdinova, Diana"]
[Black "Styazhkina, Anna"]
[Result "0-1"]
[WhiteElo "2061"]
[BlackElo "2268"]
[PlyCount "56"]
[EventDate "2018.10.10"]
[EventType "team-swiss (blitz)"]
[EventRounds "13"]
[EventCountry "RUS"]
[SourceTitle "CBM 186 Extra"]
[Source "ChessBase"]
[SourceDate "2018.08.24"]
[SourceVersion "1"]
[SourceVersionDate "2018.08.24"]
[SourceQuality "1"]
[WhiteTeam "Leningrad RSFSh (W)"]
[BlackTeam "St Petersburg SShOR (W)"]
[WhiteTeamCountry "RUS"]
[BlackTeamCountry "RUS"]

1. c4 e5 2. Nf3 Nc6 3. d4 exd4 4. Nxd4 Bb4+ 5. Bd2 Bxd2+ 6. Qxd2 Nf6 7. g3 0-0 8. Bg2 Qe7 9. Nxc6 dxc6 10. 0-0 Bf5 11. Nc3 Rad8 12. Qf4 Bg6 13. Rad1 h6 14. b3 Rd6 15. Rxd6 cxd6 16. Rd1 Rd8 17. e4 Ne8 18. Qe3 a6 19. Qb6 Rd7 20. Qd4 Nc7 21. e5 Ne8 22. f4 Bf5 23. Qe3 dxe5 24. Rxd7 Qxd7 25. Qxe5 Nf6 26. h3 Bxh3 27. Ne4 Qd1+ 28. Kh2 Ng4+ 0-1

[Event "RUS-ch Higher League (Women) 68th"]
[Site "Yaroslavl"]
[Date "2018.06.27"]
[Round "2"]
[White "Afonasieva, Anna"]
[Black "Faizutdinova, Diana"]
[Result "1-0"]
[WhiteElo "2217"]
[BlackElo "2046"]
[PlyCount "99"]
[EventDate "2018.06.26"]
[EventType "swiss"]
[EventRounds "9"]
[EventCountry "RUS"]
[SourceTitle "CBM 185 Extra"]
[Source "ChessBase"]
[SourceDate "2018.07.29"]
[SourceVersion "1"]
[SourceVersionDate "2018.07.29"]
[SourceQuality "1"]

1. d4 Nf6 2. Nf3 g6 3. c4 d6 4. g3 Bg7 5. Bg2 c6 6. 0-0 0-0 7. Nc3 Bf5 8. Ne1 Be6 9. b3 d5 10. cxd5 Nxd5 11. Ne4 a5 12. Bb2 Na6 13. Ng5 Bc8 14. e4 Ndc7 15. Ngf3 Nb5 16. a4 Nd6 17. Ne5 Nb4 18. Bc3 Qb6 19. Nc2 Nxc2 20. Qxc2 Be6 21. Rab1 Qc7 22. Nd3 Rfd8 23. Rfd1 Ne8 24. Qb2 f5 25. Nf4 Bc8 26. e5 e6 27. Qe2 Bf8 28. Rbc1 Qf7 29. h4 Nc7 30. Qe1 Nd5 31. Bxd5 cxd5 32. Bxa5 Re8 33. Rc7 Re7 34. Rdc1 Qe8 35. Qc3 Rxc7 36. Qxc7 Bd7 37. Bd2 Bc6 38. Nd3 Rc8 39. Qb6 Be7 40. Bb4 Bd8 41. Qc5 g5 42. hxg5 Bxg5 43. f4 Bd8 44. Qc2 Qg6 45. Qh2 Rc7 46. Kf2 Rg7 47. Rh1 h5 48. Qxh5 Qxg3+ 49. Ke2 Qg2+ 50. Nf2 1-0

[Event "RUS-ch Higher League (Women) 67th"]
[Site "Sochi"]
[Date "2017.07.08"]
[Round "6"]
[White "Nasybullina, Alfia"]
[Black "Faizutdinova, Diana"]
[Result "1/2-1/2"]
[WhiteElo "2084"]
[BlackElo "2041"]
[PlyCount "119"]
[EventDate "2017.07.02"]
[EventType "swiss"]
[EventRounds "9"]
[EventCountry "RUS"]
[SourceTitle "CBM 179 Extra"]
[Source "ChessBase"]
[SourceDate "2017.08.23"]
[SourceVersion "1"]
[SourceVersionDate "2017.08.23"]
[SourceQuality "1"]

1. d4 Nf6 2. Nf3 g6 3. g3 Bg7 4. Bg2 c6 5. 0-0 0-0 6. h3 d5 7. c4 Ne4 8. Nc3 Nxc3 9. bxc3 b6 10. Bf4 Nd7 11. Qb3 Bb7 12. c5 Ba6 13. cxb6 axb6 14. Rfe1 Bc4 15. Qb2 b5 16. g4 Re8 17. Bg3 Ra4 18. Nd2 Nb6 19. e4 dxe4 20. Nxc4 Rxc4 21. Qb3 Na4 22. Rac1 Qa5 23. Bxe4 Rc8 24. Bd3 Rxc3 25. Rxc3 Nxc3 26. Rxe7 Nd5 27. Rd7 Bxd4 28. Bxb5 Qe1+ 29. Bf1 Qe6 30. Qb7 Rf8 31. Rd6 Qe1 32. Qxc6 Ne3 33. Qb5 Nxf1 34. Qxf1 Qc3 35. Kg2 Be5 36. Qd3 Qxd3 37. Rxd3 Bxg3 38. Kxg3 Ra8 39. a3 Ra4 40. Kf3 Kg7 41. Ke3 h5 42. gxh5 gxh5 43. Kd2 Kg6 44. Rf3 f5 45. Kc2 f4 46. Kb3 Rd4 47. a4 Kf5 48. a5 Rd2 49. Ka3 Ke4 50. Rb3 f3 51. Re3+ Kf4 52. Re8 Rxf2 53. a6 Rf1 54. Kb2 Rf2+ 55. Kb3 Rf1 56. a7 Ra1 57. a8Q Rxa8 58. Rxa8 Kg3 59. Kc3 f2 60. Rf8 1/2-1/2

[Event "RUS-ch Higher League (Women) 66th"]
[Site "Kolomna"]
[Date "2016.06.24"]
[Round "3"]
[White "Styazhkina, Anna"]
[Black "Faizutdinova, Diana"]
[Result "1-0"]
[WhiteElo "2297"]
[BlackElo "2006"]
[PlyCount "69"]
[EventDate "2016.06.22"]
[EventType "swiss"]
[EventRounds "9"]
[EventCountry "RUS"]
[SourceTitle "CBM 173 Extra"]
[Source "ChessBase"]
[SourceDate "2016.08.29"]
[SourceVersion "1"]
[SourceVersionDate "2016.08.29"]
[SourceQuality "1"]

1. e4 c5 2. Nf3 Nf6 3. e5 Nd5 4. Nc3 Nxc3 5. dxc3 e6 6. Bf4 Qb6 7. Qc1 d5 8. exd6 Bxd6 9. Bxd6 Qxd6 10. Qe3 Nd7 11. Bd3 h6 12. 0-0-0 Qc7 13. Rhe1 b6 14. Bc4 Nf6 15. Bb5+ Bd7 16. Rxd7 Nxd7 17. Ne5 0-0 18. Bxd7 a6 19. Bc6 Rad8 20. Be4 c4 21. g4 f6 22. Ng6 Rfe8 23. Nf4 Re7 24. Bf3 Rde8 25. h4 b5 26. g5 hxg5 27. hxg5 f5 28. Ng6 Rd7 29. Ne5 Rd6 30. Bh5 Rb8 31. Bf7+ Kf8 32. g6 b4 33. Rh1 f4 34. Qxf4 Rd5 35. Qg5 1-0

[Event "Voronezh op-B 18th"]
[Site "Voronezh"]
[Date "2014.06.18"]
[Round "7"]
[White "Bezgodova, Svetlana"]
[Black "Faizutdinova, Diana"]
[Result "0-1"]
[WhiteElo "2083"]
[BlackElo "1886"]
[PlyCount "82"]
[EventDate "2014.06.12"]
[EventType "swiss"]
[EventRounds "9"]
[EventCountry "RUS"]
[SourceTitle "EXT 2015"]
[Source "ChessBase"]
[SourceDate "2014.11.20"]
[SourceVersion "1"]
[SourceVersionDate "2014.11.20"]
[SourceQuality "1"]

1. Nf3 Nf6 2. c3 d6 3. d3 g6 4. e4 Bg7 5. Be2 c5 6. Nbd2 Nc6 7. 0-0 0-0 8. a4 e5 9. Re1 h6 10. Nf1 Be6 11. Ng3 Nd7 12. Bd2 Kh7 13. b4 d5 14. b5 Ne7 15. c4 dxe4 16. dxe4 f5 17. Qc2 f4 18. Nf1 g5 19. h3 Ng6 20. N3h2 Nh4 21. Bg4 Qe8 22. Rad1 h5 23. Bxe6 Qxe6 24. g4 fxg3 25. fxg3 Nf3+ 26. Nxf3 Rxf3 27. Bxg5 Raf8 28. Re3 R3f7 29. Kg2 Nb6 30. Rc3 Nxc4 31. Qe2 Rf2+ 32. Qxf2 Rxf2+ 33. Kxf2 Nd6 34. Nd2 Qxh3 35. Be7 Qg4 36. Re1 Bh6 37. Nf3 Nxe4+ 38. Rxe4 Qxe4 39. Bxc5 Qxa4 40. Bd6 Qa2+ 41. Kg1 Qa1+ 0-1

[Event "Chigorin Memorial 20th"]
[Site "St Petersburg"]
[Date "2012.10.28"]
[Round "2"]
[White "Gorjunov, Sergey1111"]
[Black "Faizutdinova, Diana"]
[Result "1-0"]
[WhiteElo "2134"]
[BlackElo "1834"]
[PlyCount "79"]
[EventDate "2012.10.27"]
[EventType "swiss"]
[EventRounds "9"]
[EventCountry "RUS"]
[SourceTitle "EXT 2013"]
[Source "ChessBase"]
[SourceDate "2012.11.22"]
[SourceVersion "1"]
[SourceVersionDate "2012.11.22"]
[SourceQuality "1"]

1. c4 Nf6 2. Nc3 g6 3. g3 Bg7 4. Bg2 0-0 5. e3 c6 6. e4 d6 7. Nge2 Be6 8. d3 Qc8 9. h3 Na6 10. Be3 Nc7 11. Rc1 c5 12. Nd5 Nfxd5 13. cxd5 Bd7 14. Qd2 Re8 15. Bh6 Bh8 16. h4 e6 17. h5 exd5 18. hxg6 fxg6 19. Qf4 Re5 20. Qh4 Qe8 21. Bg5 Qf7 22. d4 Ree8 23. dxc5 dxc5 24. Rxc5 Ne6 25. Rxd5 Bc6 26. Be3 Bxd5 27. exd5 Nf8 28. Qb4 Be5 29. 0-0 Qe7 30. Qb3 Kh8 31. Rd1 Rad8 32. Nf4 b6 33. Nd3 Bf6 34. Nb4 Rc8 35. d6 Qd7 36. Kh2 g5 37. Nd5 Be5 38. Bxg5 Qxd6 39. Ne7 Qc5 40. Qg8# 1-0

[Event "RUS-ch U14 Girls"]
[Site "Dagomys"]
[Date "2009.04.23"]
[Round "9"]
[White "Faizutdinova, Diana"]
[Black "Makarenko, Alexandra"]
[Result "0-1"]
[WhiteElo "1793"]
[BlackElo "1933"]
[PlyCount "78"]
[EventDate "2009.04.15"]
[EventType "swiss"]
[EventRounds "9"]
[EventCountry "RUS"]
[SourceTitle "CBM 130 Extra"]
[Source "ChessBase"]
[SourceDate "2009.07.02"]
[SourceVersion "2"]
[SourceVersionDate "2009.07.15"]
[SourceQuality "1"]

1. e4 c5 2. Nc3 Nc6 3. g3 g6 4. d3 Bg7 5. Be3 d6 6. Qd2 Rb8 7. Bg2 b5 8. Nd1 b4 9. c3 bxc3 10. bxc3 Qa5 11. Ne2 Ba6 12. 0-0 e6 13. f4 Nge7 14. f5 gxf5 15. exf5 exf5 16. Bxc6+ Nxc6 17. Rxf5 Ne7 18. Rf2 0-0 19. d4 Rfc8 20. Nf4 Bh8 21. dxc5 dxc5 22. Qd7 Qc7 23. Qg4+ Ng6 24. h4 h5 25. Nxh5 Qc6 26. Nf4 Bb7 27. Rh2 Kh7 28. Nxg6 Qxg6 29. Qxg6+ Kxg6 30. Bf4 Ra8 31. Rb1 Bf3 32. c4 Re8 33. Ne3 Bd4 34. Kf2 Be4 35. h5+ Kh7 36. Rb3 Rad8 37. Kf1 Re6 38. Nd5 Rd7 39. Be3 Bxd5 0-1